02044cam a22004214a 45000010009000000050017000090080041000260100015000670150019000820160018001010200022001190200025001410350023001660400047001890410013002360420008002490500027002570820021002841000028003052450150003332600069004833000035005525040066005875050354006536500030010077000022010377000025010597000021010847000028011057000024011337000027011578560078011848560106012628560091013689420012014599990017014719520134014881410820020070104104631.0050914s2006 enka b 001 0 eng  a2005026944 aGBA5882522bnb7 a0133155782Uk a0470018798 (hbk.) a9780470018798 (hbk.) a(OCoLC)ocm61703879 aDLCcDLCdBAKERdBWKUKdUKMdIXAdCOOdDLC1 aenghfre apcc00aHG6024.A3bB77813 200600a332.632222bBRU1 aBruyere, Richard.9404610aCredit Derivatives and Structured Credit :bA Guide for Investors /cRichard Bruyere with Rama Cont ... [et al.] ; translated by Gabrielle Smart. aChichester, England ;aHoboken, NJ :bJohn Wiley & Sons,cc2006. axiii, 279 p. :bill. ;c26 cm. aIncludes bibliographical references (p. [255]-261) and index.0 aCredit risk and the emergence of credit derivatives -- Typology of credit derivatives and their main applications -- Second-generation credit derivatives -- Collateralized debt obligations -- The credit derivatives and structured credit products market -- Pricing models for credit derivatives -- The impact of the development in credit derivatives. 0aCredit derivatives.940471 aCont, Rama.940481 aCopinot, Regis940411 aFery, Loic940421 aJaeck, Christophe940431 aSpitz, Thomas940441 aGabrielle, Smart94045413Table of contentsuhttp://www.loc.gov/catdir/toc/ecip0519/2005026944.html423Contributor biographical informationuhttp://www.loc.gov/catdir/enhancements/fy0650/2005026944-b.html423Publisher descriptionuhttp://www.loc.gov/catdir/enhancements/fy0650/2005026944-d.html 2ddccBB c11381d11381 00102ddc40708AcademicaMAINbMAINc1STd2009-04-22epurchaseg660.00h367l0o332.632 BRUp000015567r2025-07-15 00:00:00yBB